LEADER 01418cam0 22003373 450 001 SON0005822 005 20260120091020.0 010 $a88-7779-255-8 100 $a20010308d1991 |||||ita|0103 ba 101 $aeng 102 $aIT 200 1 $aBertoia, Mirola and the Farnese Court$fDiane De Grazia 210 $aBologna$cNuova Alfa$d1991 215 $a328 p.$cill.$d30 cm. 500 10$aBertoia, Mirola and the Farnese Court$3SOBA00036651$91588133 700 1$aDe Grazia$b, Diane$3AF00010196$4070$0216752 801 0$aIT$bUNISOB$c20260120$gRICA 850 $aUNISOB 852 $aUNISOB$j700$m74641 852 $aUNISOB$j700$m75682 852 $aUNISOB$j700$m99872 852 $aUNISOB$jFondo|Calì$m184636 912 $aSON0005822 940 $aM 102 Monografia moderna SBN 941 $aM 957 $a700$b001214$gSI$d74641$rACQUISTO$p180.000$1rovito$2UNISOB$3UNISOB$420140630081544.0$520140630081556.0$6rovito 957 $a700$b001289$gSI$d75682$1rovito$2UNISOB$3UNISOB$420140630081559.0$520161025075141.0$6Alfano 957 $a700$b002724$gSI$d99872$rACQUISTO$1Spinosa$2UNISOB$3UNISOB$420191010124459.0$520260120090914.0$6rovito$fEsemplare in fotocopia 957 $aFondo|Calì$b002158$gSI$d184636$n20250627$hCali$rDono$tN$1rovito$2UNISOB$3UNISOB$420260120090127.0$520260120090906.0$6rovito$fEsemplare in fotocopia 996 $aBertoia, Mirola and the Farnese Court$91588133 997 $aUNISOB